[Event "?"]
[Site "?"]
[Date "2008.02.18"]
[Round "1"]
[White "Ghaem Maghami, Ehsan (GM)"]
[Black "Doostkam, Pooyan"]
[Result "1-0"]
[WhiteElo "2589"]
[BlackElo "2241"]
[PlyCount "47"]
[EventDate "2008.02.18"]
[SourceDate "2008.02.18"]

1. d4 d5 2. c4 c6 3. Nf3 e6 4. e3 Nf6 5. Bd3 Nbd7 6. O-O Bd6 7. Nc3 dxc4 8.
Bxc4 b5 9. Bd3 Bb7 10. e4 e5 11. Bg5 O-O 12. Ne2 exd4 13. Nexd4 Ne5 14. Nxe5
Bxe5 15. Nf3 Qe7 16. Qe2 Rfe8 17. Kh1 h6 18. Bh4 Bf4 19. Rae1 Qe6 {Diagram #}
20. e5 $3 Nd5 $2 (20... g5 21. Bg3 Qxa2 22. Bxf4 gxf4) 21. Qe4 g6 22. g3 Bg5
23. Bxg5 hxg5 24. Nxg5 1-0

[Event "?"]
[Site "?"]
[Date "2008.02.18"]
[Round "1"]
[White "Dalir, Faradj"]
[Black "Ghorbani, Mohsen (IM)"]
[Result "0-1"]
[WhiteElo "2200"]
[BlackElo "2347"]
[PlyCount "106"]
[SourceDate "2008.02.18"]

1. Nf3 Nf6 2. d4 d6 3. Nc3 Bg4 4. g3 $146 Bxf3 5. exf3 Nbd7 6. Bg2 g6 7. f4 Rb8
8. d5 Bg7 9. O-O O-O 10. Re1 Re8 11. Be3 a6 12. Ba7 Rc8 13. Bd4 c5 14. dxc6
bxc6 15. Ne4 c5 16. Nxf6+ Bxf6 17. Bxf6 Nxf6 18. c4 Qd7 19. Re3 Rb8 20. Qc2 Rb6
21. Rae1 Kf8 22. Qc3 Qd8 23. g4 e6 24. g5 Nh5 {Diagram #} 25. Bf3 (25. Qh8+ $1
Ke7 26. Qxh7 Nxf4 27. Bd5 $1 Qd7 28. Rxe6+) 25... Ng7 26. Bg4 Kg8 27. h4 Rf8
28. Rh3 d5 29. h5 dxc4 30. h6 Ne8 31. Rhe3 Qd4 32. Qxd4 cxd4 33. Re4 Rxb2 34.
Rxd4 c3 35. Rc4 Rxa2 36. Rd1 c2 37. Rc1 Nd6 38. R1xc2 Rxc2 39. Rxc2 Nb5 40. Rc6
Ra8 41. Rb6 Nc7 42. Bf3 Nd5 43. Bxd5 exd5 44. Rb4 (44. Rd6 a5 45. Rxd5 a4 46.
Rd2 a3 47. Ra2 $19) 44... a5 45. Ra4 Kf8 46. Kg2 Ke7 47. Kf3 Kd6 48. Ke3 Kc5
49. Kd3 Kb5 50. Ra1 a4 51. Kd4 a3 52. Kxd5 Ra6 53. Ke5 Kb4 0-1

[Event "?"]
[Site "?"]
[Date "2008.02.18"]
[Round "1"]
[White "Golizadeh, Asghar"]
[Black "Mousavian, S.Hamed (FM)"]
[Result "0-1"]
[WhiteElo "2296"]
[BlackElo "2349"]
[PlyCount "62"]
[SourceDate "2008.02.18"]

1. e4 e6 2. d4 d5 3. Nc3 Nc6 4. Nf3 Nf6 5. Bg5 Be7 6. e5 Ne4 7. Bxe7 Qxe7 8. a3
Nxc3 9. bxc3 f6 10. Bb5 Bd7 11. Qe2 a6 12. Bd3 O-O 13. O-O Be8 14. exf6 Rxf6
15. Ne5 Nxe5 16. Qxe5 c5 17. c4 Rd8 18. Rfe1 Bc6 19. Rad1 Kh8 20. Re3 cxd4 21.
Qxd4 Qf8 22. f3 {Diagram #} Rf4 23. Qe5 dxc4 24. Be2 Rxd1+ 25. Bxd1 Bd5 26. Be2
Rf7 27. Qd4 Rc7 28. f4 Rf7 29. g3 b5 30. Bg4 Rf6 31. Qb6 e5 0-1

[Event "?"]
[Site "?"]
[Date "2008.02.18"]
[Round "1"]
[White "Sharbaf, Mohsen (FM)"]
[Black "Salehian, Sina"]
[Result "1-0"]
[WhiteElo "2407"]
[BlackElo "2101"]
[PlyCount "81"]
[SourceDate "2008.02.18"]

1. Nc3 Nf6 2. e4 d6 3. Bc4 e5 4. d3 Be7 5. f4 O-O 6. Nf3 exf4 7. Bxf4 c6 8. Bb3
d5 9. O-O Na6 10. exd5 cxd5 11. d4 Be6 12. Ng5 Bg4 13. Qd3 Nb4 14. Qd2 Nc6 15.
h3 Bh5 16. Rae1 Bg6 17. Nf3 Ne4 18. Nxe4 dxe4 19. Ne5 Qxd4+ 20. Qxd4 Nxd4 21.
Nxg6 hxg6 22. Bd5 Rad8 23. Bxe4 Bc5 24. Kh1 b6 25. Bg5 Rde8 26. c3 Nf5 27. Bxf5
gxf5 28. Bf4 Rxe1 29. Rxe1 Rd8 30. g3 f6 31. h4 Kf7 32. Kg2 Rd3 33. Re2 Kg6 34.
Re8 a5 35. a3 Kf7 36. Rb8 a4 37. Ra8 Be3 38. Ra7+ Kg6 39. Rxa4 Rd2+ 40. Kf3 {
Diagram #} Bc5 $4 (40... Bxf4 41. Kxf4 Rxb2) 41. Bxd2 1-0

[Event "?"]
[Site "?"]
[Date "2008.02.18"]
[Round "1"]
[White "Mohammadi, H.R. (FM)."]
[Black "Momeni, Ebrahim"]
[Result "0-1"]
[WhiteElo "2308"]
[BlackElo "2263"]
[PlyCount "86"]
[SourceDate "2008.02.18"]

1. e4 c5 2. Ne2 Nc6 3. g3 d5 4. Bg2 dxe4 5. Bxe4 Nf6 6. Bg2 Bf5 7. O-O Qd7 8.
b3 Bh3 9. Bb2 Bxg2 10. Kxg2 O-O-O 11. d3 h5 12. f3 h4 13. g4 Nd5 14. Qd2 h3+
15. Kh1 e5 16. Nbc3 Nxc3 17. Nxc3 Be7 18. Ne4 f6 19. Qf2 b6 {Diagram #} 20. f4
$6 Qxg4 21. fxe5 fxe5 22. Qf5+ Qxf5 23. Rxf5 Rdf8 24. Raf1 Rxf5 25. Rxf5 Kd7
26. Rf3 Nd4 27. Rf2 Ke6 28. c3 Nf5 29. Rf3 g5 30. Nf2 g4 $6 (30... Rf8 31. Ng4
Nh6 32. Rxf8 Bxf8 $17) 31. Nxg4 Rg8 32. Rxf5 Rxg4 33. Rf2 e4 (33... Bg5 $1 34.
a4 Be3 35. Rf1 Rg2 $19) 34. Re2 Kf5 35. Bc1 Bh4 36. d4 cxd4 37. cxd4 Ke6 38.
Be3 Kd5 39. Rc2 Bg5 40. Bxg5 Rxg5 41. Rc3 Kxd4 42. Rxh3 e3 43. Rh7 e2 0-1

[Event "?"]
[Site "?"]
[Date "2008.02.18"]
[Round "1"]
[White "Vaghar, Mohsen"]
[Black "Sadeh, Shahin"]
[Result "0-1"]
[WhiteElo "2237"]
[BlackElo "2200"]
[PlyCount "94"]
[SourceDate "2008.02.18"]

1. e4 d6 2. d4 Nf6 3. Nc3 g6 4. Nf3 Bg7 5. h3 c6 6. Be3 b5 7. Bd3 b4 8. Ne2 Ba6
9. Qd2 Qb6 {(=)} 10. e5 Nd5 11. Bh6 Bxh6 12. Qxh6 Nd7 {Diagram #} (12... Bxd3
13. cxd3 b3 14. exd6 Qa5+) 13. e6 $1 fxe6 14. Bxg6+ Kd8 15. Ng5 Kc7 16. Nxe6+
Kb7 17. Be4 Bxe2 18. Kxe2 N7f6 19. Bd3 Nc7 20. Nxc7 Kxc7 21. Qh4 Raf8 22. Rhe1
Nd5 23. g3 Rf7 24. Kf1 e5 25. Kg1 Rhf8 26. Re2 exd4 27. Rf1 Qc5 28. Re4 a5 29.
Rxd4 Nb6 30. a3 bxa3 31. bxa3 Nd7 32. Rc4 Qb6 33. Qd4 Ne5 34. Qxb6+ Kxb6 35.
Rc3 Nf3+ 36. Kg2 Nd2 37. f4 Nxf1 38. Kxf1 d5 39. f5 Re7 40. g4 Re3 41. Kg2 a4
42. g5 c5 43. f6 c4 44. Bxh7 Rxc3 45. g6 Rxc2+ 46. Kg3 Rxf6 47. g7 Rf1 0-1

[Event "?"]
[Site "?"]
[Date "2008.02.18"]
[Round "1"]
[White "Roghani, Arash (FM)"]
[Black "Ahmadinia, E."]
[Result "0-1"]
[WhiteElo "2362"]
[BlackElo "2227"]
[PlyCount "194"]
[SourceDate "2008.02.18"]

1. d4 f5 2. g3 Nf6 3. Bg2 e6 4. c4 d5 5. Nh3 c6 6. Qc2 Bd6 7. O-O O-O 8. Bf4
Be7 9. Nd2 h6 10. Bxb8 Rxb8 11. Nf4 Bd6 12. Ng6 Re8 13. f4 Ng4 14. Qd3 Kh7 15.
h3 Nf6 16. Ne5 Qe7 17. c5 Bc7 18. Kh2 Rf8 19. b4 Bd7 20. e3 Be8 21. g4 Ne4 22.
Nxe4 dxe4 23. Qe2 Rd8 24. Rad1 Rd5 25. Rg1 Qd8 26. Bf1 Bxe5 27. fxe5 f4 28. Qd2
f3 29. Bc4 Qh4 30. Bxd5 cxd5 31. Rdf1 Bb5 32. Qf2 Qe7 33. Ra1 Ba4 34. Rab1 a6
35. h4 g6 36. Kg3 Qd7 37. Rh1 Bb5 38. Rh2 Bd3 39. Ra1 Bb5 40. Qb2 Ba4 41. h5 g5
42. Rd2 Qc6 43. Kf2 Kg7 44. Rb1 Kf7 45. Qa3 Rc8 46. Qc3 Ra8 {(=)} 47. Rdb2 Ke8
48. Rc1 Kd7 49. Qd2 Ra7 50. Kg3 Ra8 51. Rc3 Kc7 52. Ra3 (52. b5 $1) 52... Kb8
53. Qe1 Ra7 54. Qf1 Ra8 55. Qb1 Ra7 56. Qf1 Ra8 57. Rb1 Ra7 58. Rc1 Kc7 59. Qe1
Ra8 60. Rb1 Kb8 61. Qc3 Kc7 62. Rb2 Ra7 63. Qc1 Ra8 64. Qb1 Kb8 65. Kh3 Ra7 66.
Qf1 Ka8 67. Kg3 Kb8 68. Kf2 Ka8 69. Ke1 Kb8 70. Kd2 Ra8 71. Kc1 Ra7 72. Kb1 Ra8
73. Ka1 Ra7 74. Qb1 Ka8 75. Qf1 Kb8 76. Qe1 Ka8 77. Qb1 Kb8 78. Qc1 Ka8 79. Qc3
Kb8 80. Rb1 Kc7 81. Qe1 Ra8 82. Qf1 Kb8 83. Rc1 Kc7 84. Rcc3 $4 {[%emt 0:00:00]
} (84. Qf2 Qb5 85. Rb1 Rc8 86. Rc3 Rf8 87. Rb2 $11) 84... Qb5 $1 85. Qxb5 Bxb5
86. Rc2 Be2 87. Rb3 f2 88. Rb1 f1=Q 89. Rxf1 Bxf1 90. Rf2 Bh3 91. Rf6 Rh8 92.
Rxe6 Bxg4 93. Rd6 Bxh5 94. e6 Be8 95. Rxd5 g4 96. Rf5 g3 97. Rf1 Kc6 0-1

[Event "18th Iranian Men Chess Championship"]
[Site "?"]
[Date "????.??.??"]
[Round "2"]
[White "Momeni, E."]
[Black "Ghaem Maghami, Ehsan (GM)"]
[Result "0-1"]
[WhiteElo "2589"]
[BlackElo "2263"]
[PlyCount "56"]
[EventDate "2008.02.18"]
[SourceDate "2008.02.18"]

1. c4 Nf6 2. d4 e6 3. Nf3 d5 4. e3 c5 5. Nc3 cxd4 6. exd4 Bb4 7. Bd3 dxc4 8.
Bxc4 O-O 9. O-O b6 10. Qe2 Bb7 11. Bg5 Bxc3 12. bxc3 Nbd7 13. Rac1 Qc7 14. Bd3
Ng4 15. Be4 Bxe4 16. Qxe4 Ngf6 17. Qh4 Qc4 18. Rc2 Rac8 19. Rfc1 Nd5 20. Nd2
Qd3 21. c4 b5 22. c5 {Diagram #} f6 $1 23. Qg4 Qf5 24. Qxf5 exf5 25. c6 N7b6
26. Bh4 g5 27. Bg3 f4 28. Ne4 Nc4 0-1

[Event "18th Iranian Men Chess Championship"]
[Site "?"]
[Date "2008.02.18"]
[Round "2"]
[White "Salehian, Sina"]
[Black "Sadeh, Shahin"]
[Result "1-0"]
[WhiteElo "2101"]
[BlackElo "2200"]
[PlyCount "91"]
[EventDate "2008.??.??"]
[SourceDate "2008.02.18"]
[TimeControl "40/18000:20/3600:1800"]

{78MB, Fritz11.ctg} 1. e4 d6 2. d4 Nf6 3. Nc3 g6 4. Nf3 Bg7 5. Bc4 c6 6. Qe2 b5
7. Bd3 b4 8. Nd1 Nbd7 9. e5 dxe5 10. dxe5 Nd5 11. e6 fxe6 12. h4 Nc5 13. h5
Nxd3+ 14. cxd3 Qd6 15. hxg6 hxg6 16. Rxh8+ Bxh8 17. d4 c5 18. dxc5 Qxc5 19. Bg5
e5 20. Rc1 Qd6 21. Ne3 Nxe3 22. Qxe3 Bf5 23. Rd1 Qe6 24. Qc5 Bg4 25. Qb5+ Kf7
26. Bxe7 Qxe7 27. Qd5+ Kg7 28. Qxa8 e4 29. Ng1 Bxd1 30. Kxd1 Kh7 31. Qd5 Bxb2
32. Nh3 Bf6 33. Ke2 Kg7 34. Nf4 a5 35. Qxa5 Qd6 36. Nd5 Bd8 37. Qa7+ Kf8 38.
Qb7 Be7 $2 39. Qxe7+ Qxe7 40. Nxe7 Kxe7 41. Ke3 Kd6 42. Kxe4 Kc5 43. Kd3 Kb5
44. f4 Ka4 45. g4 Ka3 46. Kc4 1-0

[Event "18th Iranian Men Chess Championship"]
[Site "?"]
[Date "2008.02.19"]
[Round "2"]
[White "Doostkam, Pooyan"]
[Black "Vaghar, Mohsen"]
[Result "1/2-1/2"]
[WhiteElo "2241"]
[BlackElo "2237"]
[PlyCount "138"]
[EventDate "2008.??.??"]
[SourceDate "2008.02.18"]
[TimeControl "40/18000:20/3600:1800"]

{78MB, Fritz11.ctg} 1. d4 Nf6 2. c4 e6 3. Nc3 d5 4. cxd5 exd5 5. Bg5 c6 6. Qc2
Be7 7. Nf3 O-O 8. e3 Nbd7 9. Bd3 Re8 10. O-O Nf8 11. Rae1 Ne4 12. Bxe7 Qxe7 13.
Bxe4 dxe4 14. Nd2 f5 15. f3 exf3 16. Nxf3 Be6 17. e4 fxe4 18. Rxe4 Rad8 19. Re3
Qd7 20. Ne4 Bf5 21. Qe2 Bxe4 22. Rxe4 Rxe4 23. Qxe4 Qd5 24. Qe7 Rd7 25. Qe8 Rf7
26. b3 h6 27. Re1 Kh7 28. Re7 Rxe7 29. Qxe7 Nd7 30. h3 a5 31. Kh2 Qf5 32. Qd6
Nf6 33. Qe5 Qxe5+ 34. Nxe5 Nd5 35. Nc4 b6 36. Ne5 Ne7 37. Nc4 Nd5 {(=)} 38. Kg3
Kg6 39. Kf3 Kf5 40. Ne5 c5 41. Nc6 cxd4 42. g4+ Kg5 43. Nxd4 Kh4 44. Nf5+ Kxh3
45. Nxg7 Nf6 46. Ne6 Nxg4 47. Nf4+ Kh4 48. Nd5 Ne5+ 49. Kf4 Nd7 50. Ne3 Kh5 51.
Kf5 b5 52. Ke6 Nc5+ 53. Kf5 Nd3 54. a4 bxa4 55. bxa4 Nb2 56. Kf4 Kg6 57. Nd5
Kf7 58. Nc3 Kf6 59. Ne4+ Kg6 60. Nc5 h5 61. Nb3 Nc4 62. Nd4 Nd2 63. Nc6 Nb3 64.
Ne5+ Kf6 65. Nc4 Kg6 66. Ne5+ Kf6 67. Nc4 Nc5 68. Nd2 Ne6+ 69. Kg3 Kg5 1/2-1/2

[Event "18th Iranian Men Chess Championship"]
[Site "?"]
[Date "2008.02.19"]
[Round "2"]
[White "Mousavian, S.Hamed (FM)"]
[Black "Mohammadi, H.R. (FM)."]
[Result "1-0"]
[WhiteElo "2349"]
[BlackElo "2308"]
[PlyCount "117"]
[EventDate "2008.??.??"]
[SourceDate "2008.02.18"]
[TimeControl "40/18000:20/3600:1800"]

{78MB, Fritz11.ctg} 1. e4 e5 2. Bc4 Bc5 3. d3 d6 4. Nf3 Nf6 5. c3 a6 6. Nbd2
Nc6 7. Bb3 Ba7 8. h3 O-O 9. Nf1 Ne7 10. Nh4 h6 11. g4 Nh7 12. Ng3 Be6 13. Nhf5
c6 14. Qf3 Qd7 15. Nh5 Nxf5 16. gxf5 Bxb3 17. axb3 Kh8 18. f6 gxf6 19. Bxh6 Rg8
20. Nxf6 Nxf6 21. Qxf6+ Kh7 22. Qh4 Rg6 23. Bg5+ Kg7 24. Rg1 Qe6 25. Bh6+ Kh7
26. Be3+ Kg7 27. Qh6+ Kg8 {[%emt 0:00:01]} 28. Ke2 {[%emt 0:00:00]} Qf6 29.
Bxa7 Rxa7 30. h4 Qg7 31. Qxg7+ Rxg7 32. Rxg7+ Kxg7 33. Rg1+ Kh7 34. f4 Ra8 35.
Kf3 Re8 36. Rg5 f6 37. Rf5 Kg7 38. Kg4 Kf7 39. Rh5 Kg6 40. Rf5 Kf7 41. Kf3 Rg8
42. Rh5 Kg6 43. Kg4 exf4 44. b4 b5 45. b3 Ra8 46. c4 f3 47. Rf5 bxc4 48. bxc4
Rb8 49. h5+ Kf7 50. Kxf3 Rxb4 51. Ra5 Rb3 52. Ke3 c5 53. Rxa6 Ke6 54. Ra1 Kf7
55. h6 Kg6 56. Rh1 Kh7 57. Rf1 Kg6 58. h7 Rb8 59. Rh1 1-0

[Event "18th Iranian Men Chess Championship"]
[Site "?"]
[Date "2008.02.19"]
[Round "2"]
[White "Ahmadinia, E."]
[Black "Golizadeh, Asghar"]
[Result "1-0"]
[WhiteElo "2227"]
[BlackElo "2296"]
[PlyCount "80"]
[EventDate "2008.??.??"]
[SourceDate "2008.02.18"]
[TimeControl "40/18000:20/3600:1800"]

{78MB, Fritz11.ctg} 1. d4 c5 2. e3 Nf6 3. Nf3 g6 4. c3 Bg7 5. Nbd2 d6 6. Bd3
Nc6 7. O-O O-O 8. Qe2 Qc7 9. h3 Nd7 10. d5 Nce5 11. Bc2 Nxf3+ 12. Nxf3 c4 13.
e4 b6 14. Bg5 Bb7 15. Rad1 Nc5 16. Nd4 Qd7 17. Rfe1 b5 18. f4 Rae8 19. Qf2 e5
20. dxe6 fxe6 21. Nf3 Qc7 22. Qd2 d5 23. e5 a5 24. Nd4 Bc6 25. Qf2 Bd7 26. Qh4
Rf7 27. Nf3 Bc8 28. Nh2 Nd3 29. Bxd3 cxd3 30. Ng4 Qc4 31. Re3 Bb7 32. Rexd3
Ref8 33. b3 Qc6 34. Rg3 Rf5 35. Kh2 Qc7 36. Re3 Ba6 37. b4 a4 38. Nf6+ Bxf6 39.
exf6 e5 40. Rxd5 Qb7 1-0

[Event "18th Iranian Men Chess Championship"]
[Site "?"]
[Date "2008.02.19"]
[Round "2"]
[White "Sharbaf, Mohsen (FM)"]
[Black "Dalir, Faradj"]
[Result "1-0"]
[WhiteElo "2407"]
[BlackElo "2200"]
[PlyCount "140"]
[EventDate "2008.??.??"]
[SourceDate "2008.02.18"]
[TimeControl "40/18000:20/3600:1800"]

{78MB, Fritz11.ctg} 1. d4 Nf6 2. Nc3 e6 3. e4 d5 4. Bg5 Bb4 5. e5 h6 6. Be3 Ne4
7. Qg4 Kf8 8. a3 Ba5 9. b4 Nxc3 10. bxa5 c5 11. dxc5 Ne4 12. Bd3 Qxa5+ 13. Ke2
Nxc5 14. Qb4 Qxb4 15. axb4 Nxd3 16. cxd3 Nc6 17. Nf3 g5 18. g4 Kg7 19. h4 gxh4
20. Rxh4 Ne7 21. Rah1 Ng8 22. g5 h5 23. Bc5 Bd7 24. Rf4 Re8 25. Rg1 Ne7 26.
Bxe7 Rxe7 27. Rf6 Kf8 28. Nh4 Ke8 29. g6 fxg6 30. Ra1 Rf7 31. Rxa7 Rxf6 32.
Ra8+ Kf7 33. Rxh8 Rf4 34. Rh7+ Kg8 35. Rxd7 Rxh4 36. Rxb7 Rg4 37. Kf3 Rg1 38.
b5 h4 39. Rb8+ Kg7 40. Rb7+ Kh6 41. Rb8 Kg5 42. b6 h3 43. Rh8 Rb1 44. Rxh3 Rxb6
45. Ke3 Kf5 46. f4 d4+ 47. Kxd4 Rb4+ 48. Kc5 Rxf4 49. d4 Rf1 50. Rh7 Ra1 51.
Rf7+ Kg5 52. Rf6 Rc1+ 53. Kb4 Rd1 54. Kc4 Rc1+ 55. Kd3 Rc6 56. Ke4 Ra6 57. Rf7
Ra1 58. Re7 Re1+ 59. Kd3 Rd1+ 60. Ke3 Re1+ 61. Kd2 Ra1 62. Rxe6 Kf5 63. Rd6 g5
64. e6 Kf6 65. d5 Ke7 66. Rd7+ Ke8 67. Rg7 Ra6 68. Rxg5 Ke7 69. Rg7+ Kd6 70.
Rd7+ Ke5 1-0

[Event "18th Iranian Men Chess Championship"]
[Site "?"]
[Date "2008.02.19"]
[Round "2"]
[White "Ghorbani, Mohsen (IM)"]
[Black "Roghani, Arash (FM)"]
[Result "0-1"]
[WhiteElo "2347"]
[BlackElo "2362"]
[PlyCount "130"]
[EventDate "2008.??.??"]
[SourceDate "2008.02.18"]
[TimeControl "40/18000:20/3600:1800"]

{78MB, Fritz11.ctg} 1. c4 e6 2. g3 d5 3. Nf3 dxc4 4. Bg2 Nf6 5. Qc2 a6 6. Ne5
Ra7 7. a4 b6 8. Qxc4 Bb7 9. Bxb7 Rxb7 10. Nc3 c5 11. Qf4 Qd4 12. d3 Qxf4 13.
Bxf4 Nd5 14. Bd2 Be7 15. O-O O-O 16. Rfc1 Bf6 17. Nc4 Nc6 18. Kf1 Nd4 19. Ra3
Rd8 20. Ne4 Be7 21. Bg5 f6 22. Be3 f5 23. Ned2 Nxe3+ 24. fxe3 Nc6 25. Rb3 Nb4
26. Nf3 Rd5 27. a5 b5 28. Nb6 Rd8 29. Ne5 Bd6 30. d4 Bxe5 31. dxe5 Nc6 32. Rxc5
Nxa5 33. Ra3 Rxb6 34. Rxa5 Rd5 35. Rc8+ Kf7 36. Rc7+ Kg6 37. Ra7 Rxe5 38. Kf2
Kf6 39. R7xa6 Rxa6 40. Rxa6 Re4 41. Rd6 Rb4 42. Rd2 g5 43. h3 h5 44. Rc2 Ke5
45. Rd2 g4 46. h4 Rb3 47. Rc2 Ke4 48. Rc6 Kd5 49. Rc2 e5 50. Rc7 Rxb2 51. Rh7
b4 52. Rxh5 b3 53. Rxf5 Ra2 54. Rf8 b2 55. Rb8 Kc4 56. h5 Kc3 57. Rc8+ Kd2 58.
Rd8+ Kc2 59. Rc8+ Kb1 60. h6 Ra7 61. Rg8 Ka2 62. Rg7 Ra8 63. h7 b1=Q 64. Ra7+
Rxa7 65. h8=Q Rf7+ 0-1

[Event "18th Iranian Men Chess Championship "]
[Site "?"]
[Date "2008.02.19"]
[Round "3"]
[White "Vaghar, Mohsen"]
[Black "Momeni, Ebrahim"]
[Result "1-0"]
[WhiteElo "2237"]
[BlackElo "2263"]
[PlyCount "75"]
[EventDate "2008.??.??"]
[TimeControl "40/18000:20/3600:1800"]

{78MB, Fritz11.ctg} 1. e4 c5 2. Nf3 d6 3. d4 cxd4 4. Nxd4 Nf6 5. Nc3 Nc6 6. Be2
e6 7. Be3 Be7 8. g4 a6 9. g5 Nd7 10. Qd2 Qc7 11. f4 Na5 12. O-O-O Nc4 13. Qd3
Nxe3 14. Qxe3 b5 15. Bf3 O-O 16. Nf5 $1 Nc5 17. Nxe7+ (17. e5 $1 d5 18. Bxd5
Rb8 19. Nxe7+ Qxe7 20. Ne4 $1 $16) 17... Qxe7 18. e5 d5 19. f5 Bb7 20. f6 Qc7
21. Rd4 Ne4 22. Bxe4 dxe4 23. Qf4 Rac8 24. Rhd1 Qa5 $4 (24... Rfd8 25. fxg7
Rxd4 26. Rxd4 Kxg7 $16) 25. fxg7 Kxg7 26. Qf6+ Kg8 27. h4 $2 (27. g6 $3 fxg6
28. Qxe6+ Kh8 29. Rd7 $18) 27... Rxc3 $1 28. bxc3 Bd5 (28... Qxc3 29. Rd8 Qa3+
30. Kd2 Bd5 31. Rxf8+ Kxf8 $11) 29. Rxd5 exd5 30. h5 Qa3+ $4 (30... Qd8 $8) 31.
Kb1 Qxc3 32. h6 Qb4+ 33. Kc1 Qa3+ 34. Kd2 Qb4+ 35. Ke2 Qc4+ 36. Kf2 Qxc2+ 37.
Kg3 Qc3+ 38. Kh4 1-0

[Event "18th Iranian Men Chess Championship "]
[Site "?"]
[Date "2008.02.19"]
[Round "3"]
[White "Ghaem Maghami, Ehsan (GM)"]
[Black "Moosavian, S.Hamed (FM)"]
[Result "1-0"]
[WhiteElo "2589"]
[BlackElo "2349"]
[PlyCount "125"]
[EventDate "2008.??.??"]
[TimeControl "40/18000:20/3600:1800"]

{78MB, Fritz11.ctg} 1. Nf3 e6 2. g3 b6 3. Bg2 Bb7 4. O-O f5 5. c4 Nf6 6. d4 d5
7. Bg5 Be7 8. Bxf6 Bxf6 9. cxd5 exd5 10. b4 O-O 11. Nc3 c6 12. Qb3 Re8 13. b5
Kh8 14. Rfd1 Re7 15. Rac1 cxb5 16. Ne5 Bxe5 17. dxe5 Rxe5 18. Nxd5 Nd7 19. Nc7
Bxg2 20. Kxg2 Rc8 21. Ne6 Qe8 22. Rxc8 Qxc8 23. Ng5 Nc5 24. Qxb5 Re7 25. Qc4 h6
26. Nf3 Kh7 27. Qh4 Rd7 28. Rc1 Qd8 29. Qf4 Rd5 30. h4 Qd6 31. h5 Qxf4 32. gxf4
Kg8 33. e3 Kf8 34. Nd4 Kf7 35. Kf3 Ne6 36. Nc6 Nc5 37. Ke2 Ne4 {(=)} 38. Nd4
Nc5 39. f3 Ne6 40. Nc6 Kf6 41. Rc2 a6 42. Nb4 Rc5 43. Rd2 Rc1 44. Rd6 Rh1 45.
Rxb6 a5 46. Nc6 Rh2+ 47. Kd3 Nc5+ 48. Kc4 Rc2+ 49. Kd5 Nd7 50. Ra6 Rd2+ 51.
Nd4+ Ke7 52. Rxa5 Nb6+ 53. Kc5 Nd7+ 54. Kc4 Rh2 55. Nxf5+ Kf6 56. Nd4 Rh1 57.
Ra6+ Kf7 58. Ra7 Ke8 59. Nf5 Rc1+ 60. Kd3 Rg1 61. Ke2 g5 62. Kf2 Rh1 63. Kg2
1-0

[Event "18th Iranian Men Chess Championship "]
[Site "?"]
[Date "2008.02.19"]
[Round "3"]
[White "Dalir, Faradj"]
[Black "Salehian, Sina"]
[Result "1-0"]
[WhiteElo "2200"]
[BlackElo "2101"]
[PlyCount "85"]
[EventDate "2008.??.??"]
[TimeControl "40/18000:20/3600:1800"]

{78MB, Fritz11.ctg} 1. d4 Nf6 2. Nf3 d6 3. c4 Nbd7 4. Nc3 e5 5. e4 c6 6. g3 Be7
7. Bg2 O-O 8. O-O a6 9. a4 a5 10. h3 exd4 11. Nxd4 Nc5 12. Qc2 Re8 13. Bf4 Bf8
14. Rfd1 Qb6 15. Be3 Be6 16. b3 Rad8 17. Rab1 Bc8 18. Nde2 Nfd7 19. Nc1 Qc7 20.
Nd3 Nxd3 21. Rxd3 g6 22. Rbd1 Ne5 23. R3d2 f5 24. Bg5 Be7 25. Bxe7 Qxe7 26. Qc1
fxe4 27. Nxe4 Bxh3 28. Nxd6 Bxg2 29. Kxg2 Nf3 30. Nxe8 Nxd2 31. Re1 Qf7 32. Qc3
Rxe8 33. Qxd2 Rf8 34. Re3 Qf6 35. Qe2 Kg7 36. Re5 Qd8 $2 37. Re7+ Rf7 38. Qe5+
Kf8 39. Re6 $2 (39. Rxb7 $1 Rxb7 40. Qh8+ Ke7 41. Qxh7+ Kd6 42. Qxb7 $18) 39...
Rg7 $4 (39... Rd7 $8 40. Qf4+ Kg7 $14) 40. Rf6+ (40. Rd6 $1 Qe7 41. Rf6+ $1 Rf7
42. Re6 $18) 40... Kg8 41. Rd6 Qc8 $4 (41... Qe7 {is Better !}) 42. Qf6 Rd7 43.
Qe6+ 1-0

[Event "18th Iranian Men Chess Championship "]
[Site "?"]
[Date "2008.02.19"]
[Round "3"]
[White "Sadeh, Shahin"]
[Black "Doostkam, Pooyan"]
[Result "0-1"]
[WhiteElo "2200"]
[BlackElo "2241"]
[PlyCount "76"]
[EventDate "2008.??.??"]
[TimeControl "40/18000:20/3600:1800"]

{78MB, Fritz11.ctg} 1. e4 e6 2. d3 d5 3. Nd2 c5 4. Ngf3 g6 5. g3 Bg7 6. Bg2 Nf6
7. O-O O-O 8. Re1 Nc6 9. c3 b6 10. e5 Nd7 11. d4 f6 12. exf6 Qxf6 13. Qe2 Bb7
14. Nf1 Rae8 15. Bg5 Qf7 16. Rad1 e5 17. dxe5 Ncxe5 18. Nxe5 Nxe5 19. f4 Nc4
20. Qc2 d4 21. Rxe8 Rxe8 22. Bxb7 Qxb7 23. cxd4 Qd5 24. h4 Bxd4+ 25. Kh2 Nd6
26. Qd3 Qxa2 27. Qf3 Qe6 28. Rd2 Qe4 29. Qb3+ Kg7 30. h5 gxh5 31. Qd1 h6 32.
Bh4 Qg6 33. Qa4 a5 34. Qd7+ Kg8 35. Rg2 Nf5 36. Nd2 Ne3 37. Nf3 Nxg2 38. Kxg2
Re2+ 0-1

[Event "18th Iranian Men Chess Championship "]
[Site "?"]
[Date "2008.02.19"]
[Round "3"]
[White "Mohammadi, H.R. (FM)."]
[Black "Ahmadinia, Ebrahim"]
[Result "1/2-1/2"]
[WhiteElo "2308"]
[BlackElo "2227"]
[PlyCount "120"]
[EventDate "2008.??.??"]
[TimeControl "40/18000:20/3600:1800"]

{78MB, Fritz11.ctg} 1. e4 d5 2. exd5 Nf6 3. d4 Bg4 4. Nf3 Qxd5 5. Be2 e6 6. c4
Qd8 7. h3 Bh5 8. Qb3 Qc8 9. Be3 Be7 10. Nc3 O-O 11. O-O Nbd7 12. Rfd1 a6 13. a4
Rb8 14. Rac1 Re8 15. c5 c6 16. Bf4 Ra8 17. Qc4 Nd5 18. Nxd5 exd5 19. Qc2 Bd8
20. b4 Bc7 21. Be3 Bg6 22. Bd3 Be4 23. Nd2 Nf6 24. Nxe4 dxe4 25. Bc4 Qd7 26.
Qb3 Nd5 27. b5 axb5 28. axb5 f5 29. Bxd5+ cxd5 30. g3 f4 31. Bxf4 Bxf4 32. gxf4
Re6 33. Rc3 Kh8 34. Rg3 Rf8 35. Rg5 e3 36. fxe3 Rh6 37. Qxd5 Qxh3 38. Re1 Qh2+
39. Kf1 Qb2 40. Qxb7 Rg8 41. Qg2 Qxb5+ 42. Kg1 Qb4 43. Rf1 Qc3 44. Rg3 Re6 45.
Qf2 Rge8 46. e4 Qc4 47. e5 Rd8 48. Rd1 Qa4 49. Rd2 Rh6 50. Kg2 Qa1 51. Rh3 Rg6+
52. Kh2 Rf8 53. Rh4 Qc1 54. Rc2 Qd1 55. Rd2 Qc1 56. d5 Ra8 57. Rc2 Qd1 58. Rd2
Qc1 59. Rb2 Rg1 $1 60. Qxg1 Qxb2+ 1/2-1/2

[Event "18th Iranian Men Chess Championship "]
[Site "?"]
[Date "2008.02.19"]
[Round "3"]
[White "Golizadeh, Asghar"]
[Black "Ghorbani, Mohsen (IM)"]
[Result "0-1"]
[WhiteElo "2296"]
[BlackElo "2347"]
[PlyCount "108"]
[EventDate "2008.??.??"]
[TimeControl "40/18000:20/3600:1800"]

{78MB, Fritz11.ctg} 1. e4 c5 2. Nf3 e6 3. d4 cxd4 4. Nxd4 a6 5. Bd3 Ne7 6. O-O
Nbc6 7. Nb3 d6 8. Nc3 b5 9. Bg5 Rb8 10. f4 b4 11. Ne2 h6 12. Bh4 g5 13. Bf2 Bg7
14. Be3 Ng6 15. f5 Nge5 16. Ng3 Nxd3 17. cxd3 exf5 18. Nxf5 Bxf5 19. Rxf5 Ne7
20. Rf2 O-O 21. h4 gxh4 22. Qd2 d5 23. e5 Ng6 24. d4 Rb6 25. Raf1 Qc8 26. Qe2
Rc6 27. Qh5 Rc2 28. Nc5 Rxf2 29. Rxf2 Kh7 30. Rf6 $1 Qe8 31. Rxa6 h3 32. Rd6
Qb5 33. Qxh3 Qe2 34. Nd7 Re8 35. Bxh6 Qd1+ 36. Kh2 Qxd4 37. Be3+ Qh4 38. Qxh4+
Nxh4 39. Rxd5 Ng6 40. Bd4 Ra8 41. Rb5 Rxa2 42. Rxb4 Nf4 43. Rb7 Kg6 44. Bc3 Nd5
45. Bd4 Ra4 46. Bf2 Re4 47. Rb5 Nf4 48. Kg3 Nd3 49. Nc5 $4 (49. Rd5 Nxf2 50.
Kxf2) 49... Bxe5+ 50. Kf3 Rf4+ 51. Ke3 Nxf2 52. Nd7 Ng4+ 53. Ke2 Rf2+ 54. Kd3
Bxb2 0-1

[Event "18 th Iranian Men Chess Championship"]
[Site "?"]
[Date "2008.02.25"]
[Round "4"]
[White "Momeni, Ebrahim"]
[Black "Sadeh, Shahin"]
[Result "1/2-1/2"]
[WhiteElo "2263"]
[BlackElo "2200"]
[PlyCount "84"]
[EventDate "2008.??.??"]

1. c4 Nf6 2. Nc3 e6 3. b3 d5 4. e3 c5 5. cxd5 exd5 6. d4 Qa5 7. Bb2 Nc6 8. dxc5
Bxc5 9. a3 d4 10. b4 Bxb4 11. axb4 Qxb4 12. Qd2 dxc3 13. Bxc3 Qe7 14. Bd3 Ne4
15. Bxe4 Qxe4 16. Ne2 O-O 17. O-O Be6 18. Qb2 Qg4 19. h3 Qg5 20. h4 Qh6 21.
Qxb7 Rfe8 22. Nf4 Rab8 23. Qa6 Rb6 24. Qd3 Rd8 25. Qe4 Qxh4 26. Rfd1 Rxd1+ 27.
Rxd1 h6 28. Rd6 Nd8 29. Rxb6 axb6 30. Qd4 Qf6 31. Qb4 Qg5 32. Qxb6 Bf5 33. Qb5
Kh7 34. Qe8 Ne6 35. Qxf7 Nxf4 36. exf4 Qg6 37. Qf8 Be4 38. f3 Bxf3 39. Qxg7+
Qxg7 40. Bxg7 Kxg7 41. gxf3 Kf6 42. Kg2 Kf5 1/2-1/2